Vista normal Vista MARC

Entrada Nombre Personal

Número de registros utilizados en: 1

001 - NUMERO DE CONTROL

  • control field: 27162

003 - IDENTIFICADOR DEL NÚMERO DE CONTROL

  • control field: AR-RoUNA

005 - FECHA Y HORA DE LA ÚLTIMA TRANSACCIÓN

  • control field: 20250516103639.0

008 - ELEMENTOS DE DATOS DE LONGITUD FIJA

  • fixed length control field: 250516|| aca||aabn | a|a d

010 ## - NÚMERO DE CONTROL DE LA BIBLIOTECA DEL CONGRESO

  • LC control number: n 2002156295

040 ## - FUENTE DE CATALOGACIÓN

  • Original cataloging agency: AR-RoUNA

100 1# - ENCABEZADO--NOMBRE PERSONAL

  • Nombre personal: Elia, Marco

670 ## - FUENTE EN LA QUE SE LOCALIZARON DATOS

  • Cita fuente: Elia, Marco. Il design che viene dall’Est, c2002
  • Información encontrada: t.p. (Marco Elia)

670 ## - FUENTE EN LA QUE SE LOCALIZARON DATOS

  • Cita fuente: Cosa è il design, 2022
  • Información encontrada: title page (Marco Elia) back flap (born 1966 in Naples, Italy)